00669 2200253 4500001002100000005001700021008004100038035002400079090001500103100002000118245007100138250001600209260002700225300002900252500003100281650001400312850001300326980001500339985000600354986001000360999001500370999001500385999001500400YOGYA-0209000002160620090227023546.0 ind  0010-020900000021606 a658bMar P aMARTOYO, Susilo aPengetahuan dasar manajemen dan kepempimpinancoleh Susilo Martoyo aEd.1, cet.1 aYogyakartabBPFEc1988 aix, 158 hlmbilusc21 cm aBibliografi : hlm. 157-158 aManajemen aYOPDYOGB a25-08-2006 a3 artrev a00P0004767 a95P0074176 a95P0074177